Little women /

A modern retelling of Louisa May Alcott's novel. The story details to the passage from childhood to womanhood of Jo, Meg, Beth, and Amy who are all sisters. Despite hard times, they cling to optimism. As they mature they face blossoming ambitions and relationships, as well as tragedy, while mai...

Full description

Bibliographic Details
Uniform Title:Little women (Motion picture : 2018 : Niederpruem)
Other Authors: Shimek, Kristi (Screenwriter), Niederpruem, Clare (Screenwriter), Thompson, Lea, 1961- (Actor), Bohen, Ian (Actor), Grabeel, Lucas, 1984- (Actor), Stone, Melanie (Actor), Davenport, Sarah (Actor)
Format: Video DVD
Language:English
Language Notes:English dialogue; Spanish subtitles; English subtitles for the deaf and hard of hearing (SDH); English described video.
Published: Universal City, CA : Universal Pictures Home Entertainment, [2018]
Edition:[Spanish subtitled version].
Subjects:

MARC

Tag First Indicator Second Indicator Subfields
LEADER 00000cgm a2200000Ki 4500
001 in00004029021
005 20200805134408.0
007 vd cvaizq
008 181105s2018 cau112 vleng d
024 1 |a 191329078808 
024 1 |a 191329081471 
028 4 2 |a 24199870  |b Universal Pictures Home Entertainment 
028 4 2 |a 24199481  |b Universal Pictures Home Entertainment 
035 |a (OCoLC)on1061199855 
037 |b Midwest Tape  |n http://www.midwesttapes.com 
040 |a TEFMT  |b eng  |e rda  |c TEFMT  |d OCLCO  |d TEF  |d OCLCF  |d TXA  |d UtOrBLW 
041 1 |a eng  |j spa  |j eng  |h eng 
049 |a TXAM 
050 4 |a PN1997.2  |b .L58 2018 
082 0 4 |a 791.43/72  |2 23 
090 |a PN1997.2  |b .L585 2018 
130 0 |a Little women (Motion picture : 2018 : Niederpruem) 
245 1 0 |a Little women /  |c Pinnacle Peak presents a Main Dog production ; produced by Maclain Nelson, Kristi Shimek, Stephen Shimek and David Wulf ; written by Clare Niederpruem and Kristi Shimek ; directed by Clare Niederpruem. 
250 |a [Spanish subtitled version]. 
264 1 |a Universal City, CA :  |b Universal Pictures Home Entertainment,  |c [2018] 
300 |a 1 videodisc (112 min.) :  |b sound, color ;  |c 4 3/4 in. 
336 |a two-dimensional moving image  |b tdi  |2 rdacontent 
337 |a video  |b v  |2 rdamedia 
338 |a videodisc  |b vd  |2 rdacarrier 
344 |a digital  |2 rdatr 
344 |b optical  |2 rdarm 
344 |g surround  |g stereo  |2 rdacpc 
344 |h Dolby digital 5.1  |h Dolby digital 2.0 
346 |b NTSC  |2 rdabs 
347 |a video file  |2 rdaft 
347 |b DVD video 
347 |e region 1  |2 rdare 
380 |a Motion picture 
538 |a DVD, region 1, NTSC, wide screen (1.78:1); Dolby digital 5.1, described video. 
546 |a English dialogue; Spanish subtitles; English subtitles for the deaf and hard of hearing (SDH); English described video. 
500 |a Title from container. 
511 1 |a Lea Thompson, Ian Bohen, Lucas Grabeel, Melanie Stone, Sarah Davenport, Taylor Murphy, Bart Johnson, Allie Jennings, Elise Jones, Aimee Lynne Johnson. 
500 |a Originally released as a motion picture in 2018. 
500 |a Wide screen (1.78:1). 
521 8 |a Rating: PG-13; for some thematic elements and teen drinking. 
520 |a A modern retelling of Louisa May Alcott's novel. The story details to the passage from childhood to womanhood of Jo, Meg, Beth, and Amy who are all sisters. Despite hard times, they cling to optimism. As they mature they face blossoming ambitions and relationships, as well as tragedy, while maintaining their unbreakable bond as sisters. 
500 |a Special features: Deleted scenes. 
650 0 |a Families  |v Drama.  |0 http://id.loc.gov/authorities/subjects/sh2008103500 
650 0 |a Sisters  |v Drama.  |0 http://id.loc.gov/authorities/subjects/sh2008111698 
650 0 |a Man-woman relationships  |v Drama.  |0 http://id.loc.gov/authorities/subjects/sh2008107215 
650 7 |a Families.  |2 fast  |0 (OCoLC)fst01728849 
650 7 |a Man-woman relationships.  |2 fast  |0 (OCoLC)fst01007080 
650 7 |a Sisters.  |2 fast  |0 (OCoLC)fst01119758 
655 7 |a Feature films.  |2 lcgft  |0 http://id.loc.gov/authorities/genreForms/gf2011026247 
655 7 |a Fiction films.  |2 lcgft  |0 http://id.loc.gov/authorities/genreForms/gf2011026250 
655 7 |a Video recordings for the hearing impaired.  |2 lcgft  |0 http://id.loc.gov/authorities/genreForms/gf2011026725 
655 7 |a Video recordings for people with visual disabilities.  |2 lcgft  |0 http://id.loc.gov/authorities/genreForms/gf2011026724 
655 7 |a Drama.  |2 fast  |0 (OCoLC)fst01423879 
655 7 |a Feature films.  |2 fast  |0 (OCoLC)fst01710384 
655 7 |a Video recordings for people with visual disabilities.  |2 fast  |0 (OCoLC)fst01710451 
655 7 |a Video recordings for the hearing impaired.  |2 fast  |0 (OCoLC)fst01710450 
700 1 |a Nelson, Maclain,  |e film producer.  |0 http://id.loc.gov/authorities/names/no2014126095 
700 1 |a Shimek, Kristi,  |e film producer,  |e screenwriter. 
700 1 |a Shimek, Stephen,  |e film producer.  |0 http://id.loc.gov/authorities/names/no2012049558 
700 1 |a Wulf, David,  |e film producer. 
700 1 |a Niederpruem, Clare,  |e film director,  |e screenwriter.  |0 http://id.loc.gov/authorities/names/no2015165066 
700 1 |a Thompson, Lea,  |d 1961-  |e actor.  |0 http://id.loc.gov/authorities/names/no96042626 
700 1 |a Bohen, Ian,  |e actor.  |0 http://id.loc.gov/authorities/names/no2011051585 
700 1 |a Grabeel, Lucas,  |d 1984-  |e actor.  |0 http://id.loc.gov/authorities/names/no2007040883 
700 1 |a Stone, Melanie,  |e actor.  |0 http://id.loc.gov/authorities/names/no2015044264 
700 1 |a Davenport, Sarah,  |e actor. 
710 2 |a Pinnacle Peak (Firm),  |e presenter. 
710 2 |a Main Dog (Firm),  |e production company. 
710 2 |a Universal Pictures Home Entertainment (Firm),  |e publisher.  |0 http://id.loc.gov/authorities/names/no2016104677 
994 |a C0  |b TXA 
948 |a cataloged  |b h  |c 2018/12/19  |d c  |e blrosas  |f 10:48:21 am 
999 f f |s 1340b928-077e-3306-962f-17e498990af8  |i 8a9f1751-1c36-3939-aed4-aaa5b8a50d84  |t 0 
952 f f |p dvd  |a Texas A&M University  |b College Station  |c Sterling C. Evans Library  |s Evans Media and Reserves  |d Evans: Media and Reserves (Annex 1st floor)  |t 0  |e PN1997.2 .L585 2018  |h Library of Congress classification  |i video -- videodisc  |m A14850678047 
998 f f |a PN1997.2 .L585 2018  |t 0  |l Evans: Media and Reserves (Annex 1st floor)